| 000 | 01094cam a2200301 a 4500 | ||
|---|---|---|---|
| 001 | 12337422 | ||
| 005 | 20050408183523.0 | ||
| 008 | 010307s2001 enka | b 001 0 eng d | ||
| 010 | _a 2001267050 | ||
| 015 | _ab98V5238 | ||
| 020 | _a0130208388 | ||
| 035 | _a(OCoLC)ocm44831291 | ||
| 040 |
_aEQO _cEQO _dDGU _dDLC |
||
| 042 | _alccopycat | ||
| 043 | _ae------ | ||
| 050 | 0 | 0 |
_aJN30 _b.N535 2001 |
| 082 | 0 | 0 |
_a341.2422 _221 _bNIC |
| 100 | 1 |
_aNicoll, William. _910953 |
|
| 245 | 1 | 0 |
_aUnderstanding the European Union / _cSir William Nicoll, Trevor C. Salmon. |
| 260 |
_aHarlow, England : _bLongman, _cc2001. |
||
| 300 |
_axxi, 572 p. : _bill. map ; _c24 cm. |
||
| 504 | _aIncludes bibliographical references and index. | ||
| 610 | 2 | 0 |
_aEuropean Union. _910954 |
| 700 | 1 |
_aSalmon, Trevor C. _910955 |
|
| 942 |
_2ddc _cBB |
||
| 999 |
_c13278 _d13278 |
||